[Event "CHN-chT"]
[Site "Daqing"]
[Date "2019.06.23"]
[Round "5.4"]
[White "Yang, Yanqing"]
[Black "Wen, Yang"]
[Result "0-1"]
[WhiteElo "1910"]
[BlackElo "2588"]
[PlyCount "94"]
[EventDate "2019.06.19"]
[EventType "team-swiss"]
[EventRounds "9"]
[EventCountry "CHN"]
[SourceTitle "CBM 191 Extra"]
[Source "ChessBase"]
[SourceDate "2019.09.30"]
[SourceVersion "1"]
[SourceVersionDate "2019.09.30"]
[SourceQuality "1"]
[WhiteTeam "Hebei"]
[BlackTeam "Shandong"]
[WhiteTeamCountry "CHN"]
[BlackTeamCountry "CHN"]

1. e4 e5 2. Nf3 Nc6 3. Nc3 Nf6 4. Bb5 Bd6 5. 0-0 0-0 6. Ba4 a6 7. d3 Re8 8. Bb3 h6 9. h3 Bf8 10. Nh2 Nd4 11. f4 d6 12. f5 b5 13. Ng4 c6 14. Nxf6+ Qxf6 15. Ne2 Nxb3 16. axb3 d5 17. Ng3 Qh4 18. Qf3 Bb7 19. Bd2 Rad8 20. Rae1 c5 21. Kh2 c4 22. Ba5 Rc8 23. bxc4 bxc4 24. f6 g6 25. exd5 Qd4 26. Bc3 Qxd5 27. Qxd5 Bxd5 28. Rxe5 Red8 29. Rfe1 cxd3 30. cxd3 Bc6 31. d4 Bd6 32. R5e3 Bf4 33. Re7 h5 34. h4 g5 35. Kh3 Bd7+ 36. Rxd7 g4+ 37. Kh2 Rxd7 38. Rf1 Bxg3+ 39. Kxg3 Rd5 40. Re1 Rc6 41. Re5 Rxe5 42. dxe5 Rc4 43. Kf2 Re4 44. g3 Kh7 45. Kf1 Kg6 46. Kf2 Kf5 47. b3 Ke6 0-1

[Event "Zhongshan zt 3.5"]
[Site "Zhongshan"]
[Date "2014.11.04"]
[Round "10"]
[White "Yang, Jie"]
[Black "Yang, Yanqing"]
[Result "1-0"]
[WhiteElo "2325"]
[BlackElo "1992"]
[PlyCount "47"]
[EventDate "2014.10.26"]
[EventType "swiss"]
[EventRounds "11"]
[EventCountry "CHN"]
[SourceTitle "EXT 2015"]
[Source "ChessBase"]
[SourceDate "2014.11.20"]
[SourceVersion "1"]
[SourceVersionDate "2014.11.20"]
[SourceQuality "1"]

1. e4 c5 2. Nf3 d6 3. d4 cxd4 4. Nxd4 Nf6 5. Nc3 a6 6. Bg5 e6 7. f4 Qb6 8. Qd2 Qxb2 9. Nb3 Qa3 10. Bxf6 gxf6 11. Be2 h5 12. 0-0 Nd7 13. Kh1 h4 14. h3 b6 15. f5 Bb7 16. fxe6 fxe6 17. Bg4 f5 18. exf5 Ne5 19. fxe6 Nxg4 20. Qd4 Rg8 21. Nb1 Ne5 22. Rf2 Nc6 23. Qf6 Qb4 24. Qf7+ 1-0

[Event "Zhongshan zt 3.5"]
[Site "Zhongshan"]
[Date "2014.11.01"]
[Round "7"]
[White "Yang, Yanqing"]
[Black "Liu, Zhaoqi"]
[Result "0-1"]
[WhiteElo "1992"]
[BlackElo "2073"]
[PlyCount "56"]
[EventDate "2014.10.26"]
[EventType "swiss"]
[EventRounds "11"]
[EventCountry "CHN"]
[SourceTitle "EXT 2015"]
[Source "ChessBase"]
[SourceDate "2014.11.20"]
[SourceVersion "1"]
[SourceVersionDate "2014.11.20"]
[SourceQuality "1"]

1. e4 e6 2. d4 d5 3. exd5 exd5 4. Nf3 Bd6 5. Bd3 Nc6 6. 0-0 Nge7 7. h3 0-0 8. c3 Bf5 9. Bg5 Qd7 10. Re1 f6 11. Be3 Rae8 12. Nh4 Be4 13. b3 Kh8 14. c4 Bb4 15. Rf1 g5 16. Nf3 b6 17. a3 Bd6 18. c5 Bf4 19. Nc3 Nf5 20. Bxf4 gxf4 21. cxb6 Rg8 22. Re1 Rxg2+ 23. Kf1 Rgg8 24. Nxe4 dxe4 25. Rxe4 Nfxd4 26. Nxd4 Qxh3+ 27. Ke2 Nxd4+ 28. Kd2 Rxe4 0-1

[Event "Zhongshan zt 3.5"]
[Site "Zhongshan"]
[Date "2014.10.28"]
[Round "3"]
[White "Shen, Chenyi"]
[Black "Yang, Yanqing"]
[Result "1-0"]
[WhiteElo "2066"]
[BlackElo "1992"]
[PlyCount "109"]
[EventDate "2014.10.26"]
[EventType "swiss"]
[EventRounds "11"]
[EventCountry "CHN"]
[SourceTitle "EXT 2015"]
[Source "ChessBase"]
[SourceDate "2014.11.20"]
[SourceVersion "1"]
[SourceVersionDate "2014.11.20"]
[SourceQuality "1"]

1. e4 c5 2. Nf3 d6 3. Bb5+ Bd7 4. Bxd7+ Qxd7 5. c4 Nf6 6. Nc3 e5 7. d3 h6 8. Be3 Nc6 9. h3 Be7 10. 0-0 a6 11. Nh2 Rb8 12. f4 b5 13. b3 Nd4 14. Nf3 Qc7 15. f5 Qc6 16. Bxd4 cxd4 17. Nd5 Qd7 18. Nd2 bxc4 19. bxc4 0-0 20. Rb1 Kh8 21. Rb3 Rb7 22. Rxb7 Qxb7 23. Qb3 Qxb3 24. axb3 Nxd5 25. exd5 Rb8 26. Rb1 a5 27. Kf1 Rb4 28. Ke2 Kg8 29. Ra1 Bd8 30. Kd1 Kf8 31. Kc2 Ke7 32. Ne4 Rb8 33. f6+ gxf6 34. Rf1 Kd7 35. Nxf6+ Bxf6 36. Rxf6 Ke7 37. Rxh6 a4 38. bxa4 Rb4 39. a5 Ra4 40. Rh8 Rxa5 41. Kb2 Ra4 42. Rb8 f5 43. Rb7+ Kf6 44. Rb6 Ke7 45. c5 e4 46. dxe4 fxe4 47. Rxd6 e3 48. Re6+ Kd8 49. Kb3 Ra1 50. Kc4 Rd1 51. d6 Rd2 52. c6 e2 53. c7+ Kd7 54. Kd5 d3 55. Re7+ 1-0